000 02138cam a22001934a 4500
005 20250605164119.0
008 250528s ||||||||||||||||||||||||d
035 _a18209
020 _a9602550546
040 _aGR-AtMCL
_bgre
_dGR-AtMCL
_eAACR2
245 1 _aΜικροοικονομική / Θεωρία και Εφαρμογές
260 _bΤο Οικονομικο,
_c1993
300 _a596
520 _aΠρόλογος, Αντικείμενο και Σημασία της Σύγχρονης Μικροοικονομικής, Η Θεωρία της Χρησιμότητας και η Συμπεριφορά του Καταναλωτή, Εναλλακτικές Μορφές Καμπύλων Αδιαφορίας, Προεκτάσεις και Εφαρμογές της Θεωρίας της Χρησιμότητας, Εκδηλωμένη Προτίμηση και Αριθμοδείκτες, Η Λειτουργία των Αγορών: Ζήτηση και Προσφορά, Περιπτώσεις Ασταθούς Ισορροπίας, Προεκτάσεις και Εφαρμογές της Θεωρίας της Λειτουργίας των Αγορών, Θεωρία Παραγωγής, Το Κόστος Παραγωγής, Η Συμπεριφορά της Επιχείρησης στον Πλήρη Ανταγωνισμό, Η Συμπεριφορά της Μονοπωλιακής Επιχείρησης, Η Συμπεριφορά των Επιχειρήσεων στο Μονοπωλιακό Ανταγωνισμό, Η Συμπεριφορά μιάς Επιχείρησης στο Δυοπώλιο, Η Συμπεριφορά των Ολιγοπωλιακών Επιχειρήσεων, Εναλλακτικά Τιμολογιακά Συστήματα, Διανομή του Εισοδήματος και Προσδιορισμός των Τιμών των Παραγωγικών Συντελεστών, Γενική Οικονομική Ισορροπία και Οικονομική Ευημερία.
700 1 _aΚώττης Γεώργιος Χριστ
_93547
942 _cBK
999 _c3586
_d3586